| 000 | 02021nam a22002537a 4500 | ||
|---|---|---|---|
| 999 |
_c368603 _d368603 |
||
| 001 | 82293 | ||
| 003 | UA-OsUOA | ||
| 005 | 20230504161324.0 | ||
| 007 | ta | ||
| 008 | 20120228b un ||||| |||| 00| 0 ukr d | ||
| 020 | _a978-966-8324-61-1 | ||
| 040 |
_aUA-OsUOA _brus _cUA-OsUOA _dUA-OsUOA |
||
| 041 | _arus | ||
| 080 | _a81'42 | ||
| 090 |
_a81'42 _bМ54 |
||
| 245 |
_aМетоды анализа текста и дискурса _cТичер С., Мейер М., Водак Р., Веттер Е. |
||
| 260 |
_aХ. _bГуманитарный Центр _c2009 |
||
| 300 | _a356 с. | ||
| 520 | _aЕсли Вы - специалист в области лингвистики и социолингвистических исследований или стремитесь им стать - эта книга станет для Вас не заменимым подспорьем. Здесь представлен самый широкий спектр методов анализа текста и дискурса - как их определяют в теории и как их можно применить на практике. Все методы даны в сравнении с другими, что значительно облегчает выбор подходящего для каждой конкретной ситуации. Широта подхода и разносторонний опыт авторов значительно выделяет книгу среди других работ по текстовому и дискурс-анализу. Учитывая ее полноту, можно смело утверждать - перед Вами энциклопедия по социолингвистическим исследованиям. | ||
| 650 | 7 |
_a8 Мовознавство. Художня література. Літературознавство _2UDC |
|
| 942 |
_cBK _2udc |
||
| 955 | _a2 | ||